La mano izquierda de la oscuridad / (Record no. 90541)

MARC details
000 -LEADER
campo de control de longitud fija 00564nam a2200181 i 4500
001 - NÚMERO DE CONTROL
campo de control 90541
003 - IDENTIFICADOR DE NÚMERO DE CONTROL
campo de control ES-MaACL
005 - FECHA Y HORA DE LA ÚLTIMA TRANSACCIÓN
campo de control 20230906180456.0
007 - CAMPO FIJO DE DESCRIPCIÓN FÍSICA--INFORMACIÓN GENERAL
campo de control de longitud fija t|
008 - DATOS DE LONGITUD FIJA--INFORMACIÓN GENERAL
campo de control de longitud fija 050121s1980 sp ||||1| spa d
100 1# - ENTRADA PRINCIPAL--NOMBRE DE PERSONA
Nombre de persona Le Guin, Ursula Kroeler.
9 (RLIN) 70890
245 13 - MENCIÓN DEL TÍTULO
Título La mano izquierda de la oscuridad /
Mención de responsabilidad, etc. Ursula K. Le Guin ; [traducción de Francisco Abelanda].
260 ## - PUBLICACIÓN, DISTRIBUCIÓN, ETC.
Lugar de publicación, distribución, etc. [Barcelona] :
Nombre del editor, distribuidor, etc. Minotauro,
Fecha de publicación, distribución, etc. [1980]
300 ## - DESCRIPCIÓN FÍSICA
Extensión 272 p. ;
Dimensiones 19 cm.
700 1# - ENTRADA AGREGADA--NOMBRE PERSONAL
Nombre de persona Abelenda, Francisco,
Fechas asociadas al nombre 1922-2014
9 (RLIN) 18042
852 ## - LOCALIZACIÓN
Ubicación ES-MaACL
Número de control de estantería L-2913
Sublocalización o colección R.103890
Holdings
Estatus retirado Estado de pérdida Estado de daño No para préstamo Biblioteca de origen Biblioteca actual Ubicación en estantería Fecha de adquisición Fuente de adquisición Total de préstamos Signatura topográfica completa Código de barras Visto por última vez Precio de reemplazo Tipo de ítem Koha
        Biblioteca del Ateneo de Madrid Biblioteca del Ateneo de Madrid Depósito 2 17/01/2008     L-2913 1094544 23/02/2023 23/02/2023 Libro impreso